000 01164nmc a2200385 a 4500
003 AR-BaBNM
005 20251128205742.0
008 011101s1996 ||||||||||||||000 | spa||
020 _a84-277-1148-4
040 _cAR-BaBNM
245 1 0 _aPerspectivas de las nuevas tecnologías en la educación
260 _aMadrid
_bNarcea
_c1996
300 0 _a231 p.
_btablas,gráfs.
490 0 _aEducación hoy. Estudios
500 0 _aIndice de autores: p.227-229
500 0 _aIndice temático: p.230-231
504 _aBibliografía al final de cada capítulo
650 4 _aMEDIOS DE COMUNICACION
650 4 _aENSENANZA POR COMPUTADORA
650 4 _aFORMACION DE DOCENTES
650 4 _aTELEVISION EDUCATIVA
650 4 _aMATERIAL DIDACTICO
650 4 _aCOMUNICACION AUDIOVISUAL
650 4 _aORGANIZACION ESCOLAR
650 4 _aTECNOLOGIA EDUCATIVA
651 4 _aEspaña
653 0 _aNUEVAS TECNOLOGIAS
653 _aEDUCACION A DISTANCIA
653 0 _aAPRENDIZAJE SIGNIFICATIVO
653 0 _aVIDEO
700 1 _aGarcía-Valcárcel, Ana
_eeditor
700 1 _aTejedor Tejedor, Francisco Javier
_eeditor
942 _cBK
998 _carturo
999 _c12677
_d12677